| 000 | 00842aam a2200277 4500 | ||
|---|---|---|---|
| 005 | 20161103103716.0 | ||
| 008 | 150721b xxu||||| |||| 00| 0 spa d | ||
| 041 | _aEspañol | ||
| 082 | _a651.53 M423a | ||
| 100 |
_aMastropierro, María del Carmen _916336 |
||
| 245 | _aArchivos privados: análisis y gestión | ||
| 260 |
_aArgentina _bAlfaomega _c2006 |
||
| 300 | _a352 páginas | ||
| 500 | _aTomo No. 3 | ||
| 650 |
_aSISTEMAS ARCHIVISTICOS _97366 |
||
| 650 |
_aARCHIVONOMÍA _92575 |
||
| 650 |
_aARCHIVISTICA _911040 |
||
| 650 |
_aARCHIVOS PRIVADOS _916337 |
||
| 650 |
_aARCHIVOS PERSONALES _916338 |
||
| 650 |
_aARCHIVOS FAMILIARES _916339 |
||
| 650 |
_aARCHIVOS INSTITUCIONALES _916340 |
||
| 650 |
_aNORMALIZACION _912227 |
||
| 650 |
_aORGANIZACIÓN DE ARCHIVOS _916341 |
||
| 650 |
_aANALISIS DOCUMENTAL _916342 |
||
| 942 | _cBK | ||
| 999 |
_c1985 _d1985 |
||